Stations of the Hong Kong MTR - Statistics

General Stats
  • This quiz has been taken 107 times
    81 since last reset
  • The average score is 80 of 116
Answer Stats
Line Answer % Correct
Mong Kok
92%
Kowloon
90%
Tsuen Wan
88%
| South Island Line Admiralty
87%
| Tsuen Wan Line Central
87%
Prince Edward
85%
Tsim Sha Tsui
85%
Diamond Hill
82%
Shatin
82%
Causeway Bay
80%
East Rail Line | West Rail Line Hung Hom
80%
Kowloon Tong
80%
| Tseung Kwan O Line North Point
80%
Ocean Park
80%
University
80%
Wan Chai
80%
| Disneyland Resort Line Sunny Bay
78%
Airport
77%
Jordan
77%
Island Line Kennedy Town
77%
Kwun Tong
77%
Chai Wan
75%
HKU
75%
Airport Express Line | Tung Chung Line Hong Kong
75%
Lo Wu
75%
Sheung Shui
75%
Mei Foo
73%
Mong Kok East
73%
Sham Shui Po
73%
Sheung Wan
73%
Tai Wai
73%
Tuen Mun
73%
Yau Ma Tei
73%
Fortress Hill
72%
Fo Tan
72%
Kowloon Bay
72%
Lok Ma Chau
72%
Quarry Bay
72%
Tseung Kwan O
72%
Tung Chung
72%
Lai Chi Kok
70%
Ma On Shan
70%
Olympic
70%
Tai Wo
70%
Ho Man tin
68%
LOHAS Park
68%
Tai Po Market
68%
Tsuen Wan West
68%
Cheung Sha Wan
67%
Disneyland Resort
67%
East Tsim Sha Tsui
67%
Fanling
67%
Kwai Fong
67%
Tsing Yi
67%
Austin
65%
Choi Hung
65%
Kwai Hing
65%
Lok Fu
65%
Racecourse
65%
Sai Ying Pun
65%
Yau Tong
65%
AsiaWorld–Expo
62%
Tuen Ma Line Phase 1 Kai Tak
62%
Lai King
62%
Nam Cheong
62%
Ngau Tau Kok
62%
Po Lam
62%
Tin Hau
62%
Tin Shui Wai
62%
Tiu Keng Leng
62%
Wong Tai Sin
62%
Yuen Long
62%
Lam Tin
60%
Shau Kei Wan
60%
Shek Kip Mei
60%
Tai Koo
60%
Tai Wo Hau
60%
Heng Fa Chuen
58%
Sai Wan Ho
58%
South Horizons
58%
Wong Chuk Hang
58%
Hang Hau
55%
Kam Sheung Road
55%
Long Ping
53%
Che Kung Temple
52%
Siu Hong
52%
Wu Kai Sha
52%
City One
50%
Lei Tung
47%
Sha Tin Wai
47%
Hin Keng
45%
Shek Mun
45%
Tai Shui Hang
45%
Heng On
43%
Kwun Tong Line Whompoa
13%
No matching quizzes found
Score Distribution
Percent of People with Each Score
Percentile by Number Answered
Your Score History
You have not taken this quiz since the last reset